| 000 | 01044cam a22002773a 4500 | ||
|---|---|---|---|
| 001 | 32012 | ||
| 003 | PGUSA | ||
| 005 | 20140828083707.0 | ||
| 008 | 100416s2010||||xxu|||||s|||||000 | eng d | ||
| 040 |
_aPGUSA _beng |
||
| 042 | _adc | ||
| 050 | 4 | _aG | |
| 100 | 1 |
_aHolden, Horace, _d1810- |
|
| 245 | 1 | 2 |
_aA Narrative of the Shipwreck, Captivity and Sufferings of Horace Holden and Benj. H. Nute : _bWho were cast away in the American ship Mentor, on the Pelew Islands, in the year 1832; and for two years afterwards were subjected to unheard of sufferings among the barbarous inhabitants of Lord North's island _h[electronic resource] / _cHorace Holden |
| 260 |
_bProject Gutenberg, _c2010 |
||
| 506 | _aPublic domain in the USA. | ||
| 516 | _aElectronic text | ||
| 653 | _aHolden, Horace, 1810- | ||
| 653 | _aTobi (Palau) | ||
| 653 | _aNute, Benjamin H. | ||
| 653 | _aSonsorol-Tobi language | ||
| 653 | _aShipwrecks -- Palau | ||
| 830 | 0 |
_aProject Gutenberg _v32012 |
|
| 856 | 4 | 0 | _uhttp://www.gutenberg.org/ebooks/32012 |
| 942 | _cEB | ||
| 999 |
_c261267 _d261267 |
||